000 02828cam a2200325Ii 4500
003 data
005 20260322212004.0
008 data
015 _aGBB472097
_2bnb
019 _a902999357
_a902999357
020 _a9781780233604
020 _a1780233604
040 _aYDXCP
_beng
_erda
_cYDXCP
_dALAUL
_dUKMGB
_dOCLCQ
_dIQU
_dCDX
_dVP@
_dQGK
_dOCLCF
_dALAUL
050 4 _aGB611
_b.W45 2015
082 0 4 _a551.415
_223
092 _a 551.41 Wel 2015
100 1 _aWelland, Michael,
_d1946-
_eauthor.
245 1 4 _aThe desert :
_blands of lost borders /
_cMichael Welland.
246 3 0 _aLands of lost borders.
264 1 _aLondon :
_bReaktion Books,
_c2015.
300 _a398 pages :
_billustrations (some color), maps (some color) ;
_c24 cm.
336 _atext
_btxt
_2rdacontent.
337 _aunmediated
_bn
_2rdamedia.
338 _avolume
_bnc
_2rdacarrier.
504 _aIncludes bibliographical references (pages 372-389) and index.
505 0 _a1. Wet and Dry, Hot and Cold --- 2. Big and Small, Fast and Slow--- 3. Insiders and Outsiders, Civilization and Strategy --- 4. Outsiders and Insiders, New World and Old --- 5. Mind and Matter, Body and Soul --- 6. Ancient and Modern, Boom and Bust --- 7. Barriers and Corridors, Imports and Exports --- 8. Feast or Famine, Knowns and Unknowns.
520 _aLands of extremes, contrasts and constant change, deserts cover a quarter of our planet's land area and are home to some half a billion people. 'The desert' as an idea has long captured the Western imagination, but too often in ways that fail to grasp the true scope and diversity of these spaces. Misconceptions and misrepresentations also abound about the realities of the lives of people for whom the desert is home. Deserts are landscapes of the mind as much as physical realities - they are places of metaphor and myth. For the outsider, stories of the desert are about the exotic and the hostile - about adventures into unknown territory. Few of us consider the perspectives of those who live in and navigate the desert each day. This book attempts to bridge the gaps, both scientific and cultural, between perception and reality, while celebrating the fascination, excitement and variety of desert lands and their inhabitants. Though generally seen as arid and infertile, deserts have been the birthplaces of critical evolutionary adaptations, civilizations, ideologies and agricultural and social progress. Deserts play active roles in the continued evolution of our climate and societies, demanding that we think seriously about these barren lands and their future. From scorching seas of sand to glacial polar expanses, Desert: Lands of Lost Borders relates the tales, truths, folklore and facts of the desert in an analysis that is at once informative and surprising. -- Jacket.
650 0 _aDeserts.
001 data
999 _c39
_d39